000 00510nam a2200181Ia 4500
005 20250508153633.0
008 008 250505s9999 xx 000 0 eng d
037 _aTextBook
040 _aFEDL
_beng
_cFEDL
041 _aeng
_2eng
084 _a370.1, KIL/R
_qFEDL
100 _aKilpatrick William Heard
_9139656
245 0 _aPhilosophy of education
260 _aNew York, USA
_bThe Macmillan Company
_c1951
300 _ax,465p.
942 _cTB
_h370.1, KIL/R
999 _c1344562
_d1344562